000 00613nam a2200181 4500
001 120685
003 ES-MaACL
005 20230906191612.0
007 t|
008 070214s1967 sp r ||||1| spa d
100 1 _aPolaino Ortega, Lorenzo.
_992798
245 1 0 _aEstudios históricos sobre el adelantamiento de Cazorla /
_cLorenzo Polaino Ortega ; prólogo de Francisco Rivera Recio.
260 _aSevilla :
_bPolaino,
_c1967.
300 _a346 p., 8 lám. ;
_c21 cm +
_e1 map.
700 1 _aRivera Recio, Francisco.
_997666
852 _aES-MaACL
_jC-33592
_bR.64294
852 _aES-MaACL
_jC-34081
_bR.64502
999 _c120685
_d120685